01673cam a2200289 a 4500001001000000003000900010005001700019008004100036035001900077035001800096040003700114049000900151082001800160100004100178245005000219260005000269300003300319490002000352505069800372650004001070651005901110830002901169910003201198942001401230952012201244999001701366000014312DO-SdBNP20251118121326.0731009s1971 ve a 000 0 spa  a(DLC) 72326200 a(OCoLC)713559 aDO-SdBNPbspacBNPHUdOCoLCdDLC aBNGR a332.11bL879s1 aLosada, Benito Raúl,d1923-93227610aSíntesis monetaria /cBenito Raúl Losada. aCaracas :bBanco Central de Venezuela,c1971. axvi, 159 p. :bil. ;c24 cm.1 aAniversariov300 aBenito Raúl Losada: Curriculum vitae -- Prólogo, por A. Machado Gómez -- Venezolana Política monetaria -- Politica de tenencia de reservas-- Cooperación financiera entre bancos, centrales -- Discurso pronunciado en nombre de los gobernadores latinoamericanos en la asamblea anual del Fondo Monetario Internacional, Washington, 2 de octubre de 1968 -- Alternativas en el manejo de reservas -- Consideraciones sobre los tipos de cambio fluctuantes -- Declaraciones sobre la evolución de la economía venezolana Durante 1968 -- Declaraciones sobre la evolución de la economía venazolana Durante 1969 -- Declaraciones sobre la evolución de la economía venezolana Durante 1970. 4aBancos centraleszVenezuela.954908 4aVenezuelaxCondiciones económicasy1918-1958.930367 0aAniversario ;v30932278 aCatalogación por copia/LC 2ddccLBS1 001052708MOaGRbGRcCTd2009-12-09iLF1l0o332.11 L879sp14312-10r2020-06-25w2020-06-25y2ZPréstamo interno c13908d13908